00811 2200289 4500001002100000005001500021035002000036007000300056008004100059020002200100040001700122082001700139084001900156100002500175245006500200250003100265260005700296300002400353500002200377650002000399700002300419850001200442041001300454990001800467990001800485990001800503INLIS00000000081633220180910083326 a0010-0818000967ta180827r19752016jki d f ind d a978-602-424-095-0 aYOPDYOGbind04223a899.2213 a899.2213 AKU k3 aAkutagawa, Ryunosuke1 aKappa /cAkutagawa Ryunosuke; penerjemah, Winarta Adisubrata aCetakan pertama, Juni 2016 aJakarta :bKPG (Kepustakaan Populer Gramedia),c2016 a83 halaman ;c21 cm aJudul asli: Kappa 4aFiksi Indonesia0 aWinarta Adisubrata aYOPDYOG0 aindhjpn a34387-PD/B.18 a34388-PD/B.18 a34389-PD/B.18